Central Library OPAC University of Rajshahi

The law of the threshold : (Record no. 54130)

MARC details
000 -LEADER
fixed length control field 00684nam a2200217 a 4500
001 - CONTROL NUMBER
control field 54130
003 - CONTROL NUMBER IDENTIFIER
rucl marc code BD-RjUL
005 - DATE AND TIME OF LATEST TRANSACTION
control field 20211209080057.0
008 - FIXED-LENGTH DATA ELEMENTS--GENERAL INFORMATION
fixed length control field 161102s1995 ii b 000 0 eng
020 ## - INTERNATIONAL STANDARD BOOK NUMBER
Canceled/invalid ISBN 8185951221 (jacket) :
Terms of availability Rs175.00
035 ## - SYSTEM CONTROL NUMBER
System control number (BD-RjUL)54252
040 ## - CATALOGING SOURCE
Original cataloging agency DLC
Transcribing agency DLC
Language of cataloging eng
Modifying agency BD-RjUL
041 ## - LANGUAGE CODE
Language code of text/sound track or separate title eng
082 00 - DEWEY DECIMAL CLASSIFICATION NUMBER
Classification number 823
Edition number 20
Author mark and year LAL 1995
100 1# - MAIN ENTRY--PERSONAL NAME
Personal name Lal, Malashri.
9 (RLIN) 143413
245 14 - TITLE STATEMENT
Title The law of the threshold :
Remainder of title women writers in Indian English /
Statement of responsibility, etc. Malashri Lal.
260 ## - PUBLICATION, DISTRIBUTION, ETC. (IMPRINT)
Place of publication, distribution, etc. Shimla :
Name of publisher, distributor, etc. Indian Institute of Advanced Study,
Date of publication, distribution, etc. 1995.
300 ## - PHYSICAL DESCRIPTION
Pagination 167 p. ;
Size 23 cm.
650 #0 - SUBJECT ADDED ENTRY--TOPICAL TERM
Topical term or geographic name as entry element English fiction
General subdivision Women authors
-- History and criticism.
9 (RLIN) 161619
942 ## - ADDED ENTRY ELEMENTS (KOHA)
Source of classification or shelving scheme Dewey Decimal Classification
Koha item type Books
Holdings
Lost status Source of classification or shelving scheme Damaged status Not for loan Collection code Permanent Location Current Location Shelving location Date acquired Source of acquisition Cost, normal purchase price Total Checkouts Full call number Date last seen Copy number Koha item type
  Dewey Decimal Classification     Non-fiction Central Library, University of Rajshahi Central Library, University of Rajshahi   20/08/1998 Dhaka, Ankur Prakashani 192.00   823 LAL 1995 02/11/2016 C-2 Books